Different families, same rights? Freedom and Justice in the EU: implications of the Hague Programme for Lesbian, Gay, Bisexual and Transgender Families and their Children

I tiakina i:
Ngā taipitopito rārangi puna kōrero
Kaituhi matua: Bonini Baraldi, Matteo
Kaituhi rangatōpū: ILGA Europe
Hōputu: Pukapuka
Reo:Ingarihi
I whakaputaina: Bruxelles ILGA Europe 2007
Ngā Tūtohu: Tāpirihia he Tūtohu
Kāore He Tūtohu, Me noho koe te mea tuatahi ki te tūtohu i tēnei pūkete!

MARC

LEADER 00000nam a2200000 4500
005 20240605181916.0
008 240605b |||||||| |||| 00| 0 eng d
020 |a 9772030241005 
040 |c GP 
100 |a Bonini Baraldi, Matteo 
110 |a ILGA Europe 
245 |a Different families, same rights?  |b Freedom and Justice in the EU: implications of the Hague Programme for Lesbian, Gay, Bisexual and Transgender Families and their Children 
260 |a Bruxelles  |b ILGA Europe  |c 2007 
942 |2 ddc  |c BK  |n 0 
952 |0 0  |1 0  |2 ddc  |4 0  |6 323_420000000000000_BON  |7 1  |9 1360  |a RM  |b RM  |d 2024-06-05  |l 0  |o 323.420 BON  |p 193  |r 2024-06-05 18:19:41  |w 2024-06-05  |y BK 
999 |c 1250  |d 1250